000
00300nam a2200097Ia 4500
008
241105s9999 xx 000 0 und d
041
_a
eng
100
_a
Bhandari Nikita
_9
182611
245
_a
Institute Of Hotel Management And Catering Panchgani Maharashtra
260
_b
Final Year B.Arch ID, Pune
_c
2014
999
_c
360902
_d
360902